000 00368nam a2200133Ia 4500
008 211109s9999||||xx |||||||||||||| ||und||
082 _a894.8121
_bRAJ-M
100 _aRajaraj Varma A R,
245 0 _aMegadhood
260 _bNATIONAL BOOKSTALL
_aKottayam
_c1994
630 _xGeneral Stack
650 _aMalayalam Literature
_vMalayalam Poetry
_xMalayalam
942 _cBOOK
999 _c1186
_d1186